Guilty Gear Playable Characters - Statistics

General Stats
  • This quiz has been taken 126 times
  • The average score is 27 of 39
Answer Stats
Hint Character % Correct
Face of the Guilty Gear franchise Sol Badguy
99%
First king of Illyria Ky Kiske
94%
Jellyfish pirate with a crush May
92%
Doctor turned serial killer Faust/Dr. Baldhead
87%
Dead assassin taken over by silly shadow Zato-1
87%
Beloved trans yo-yo thrower Bridget
85%
Sickle-throwing time-skipper Axl Low
83%
Handicapped wandering samurai Baiken
81%
Underage wife of Ky Dizzy
79%
Hair wielding regretful assassin Millia Rage
79%
Silly robotic copy of one of the main characters Robo-Ky
79%
Sugar water loving son Sin Kiske
78%
Inhuman IQ level which he controls his weapon while sleeping Bedman
77%
First full gear who wanted to destroy humankind Justice
77%
Vampire founder and once-leader of the Assassin's Guild Slayer
77%
Time travelling rock witch I-No
76%
Massive grappler solider whose loyal to his country and president Potemkin
76%
Super quick colonizer of Africa Chipp Zanuff
74%
Emotional marriage obsessed sister Elphelt Valentine
74%
Japanese graceful fan dancer Anji Mito
72%
Prideful second king of Illyria Leo Whitefang
69%
Gun wielding creator of the Backyard Happy Chaos
68%
Noble vampire samurai with a blood-sucking blade Nagoriyuki
68%
Gay assassin with an unusual weapon Venom
67%
Resurrected into a gear who loves bubble baths and tea Testament
63%
Young girl possessive of her non-human husband and weapon A.B.A.
62%
Cool swordsman who's captain of the Jellyfish pirates Johnny
60%
Past version of one of the main characters Order Sol
59%
Ninja who works as colonizer's right-hand man Answer
58%
One of four, who declared war on humanity Ramlethal Valentine
58%
Coffin swinging secretary of defense for the US Goldlewis Dickenson
56%
Quick girl who uses false bounty to open Chinese restaurant Jam Kuradoberi
56%
A member of the president's personal guard with a fluffy companion Giovanna
55%
Leader during the Crusades with giant weapon Kliff Undersn
54%
Unlucky "diseased" man looking for a cure, inhabited by many spirits Zappa
51%
Closest fragment of Aria and wife of main character Jack-O Valentine
49%
Abandoned weapon protects younger sister Bedman?/Delilah
47%
Immortal masochist servant of That Man Raven
42%
Girl holds power in her family by controlling a suit in the form of a male elder Kum Haehyun
37%
No matching quizzes found
Score Distribution
Percent of People with Each Score
Percentile by Number Answered
Your Score History
You have not taken this quiz